| 000 | 00635nam a2200193Ia 4500 | ||
|---|---|---|---|
| 003 | GCL | ||
| 008 | 140319s9999 xx 000 0 ara d | ||
| 040 |
_aGCL / _cGCL |
||
| 082 | 0 | 4 |
_a908.04 _bا ن |
| 100 | 1 | _aايفا نكوس، خوسية ماريا بوثويل | |
| 245 | 1 | 0 |
_aنظرية اللغة الادبية / _cايفا نكوس، خوسية ماريا بوثويل |
| 700 | 1 | _aحامد ابو احمد | |
| 300 | _a329 ص | ||
| 490 |
_aسلسلة الدراسات النقدية _v0 |
||
| 650 | 0 | 4 | _aالعصر الحديث |
| 650 | 0 | 4 | _aالادب - تاريخ ونقد |
| 650 | 0 | 4 | _aالبلاغة |
| 942 |
_2ddc _cBK |
||
| 999 |
_c39621 _d39621 |
||